UM Logo

Sipat kultura: (Record no. 1588)

MARC details
000 -LEADER
fixed length control field 00832nam a22002057a 4500
008 - FIXED-LENGTH DATA ELEMENTS--GENERAL INFORMATION
fixed length control field 160407b xxu||||| |||| 00| 0 eng d
020 ## - INTERNATIONAL STANDARD BOOK NUMBER
International Standard Book Number 978-971-550-523-9
082 ## - DEWEY DECIMAL CLASSIFICATION NUMBER
Edition number 2007
Classification number DFil 899.21109
Item number T58s
100 ## - MAIN ENTRY--PERSONAL NAME
9 (RLIN) 4951
Personal name Tolentino, Rolando B.
245 ## - TITLE STATEMENT
Title Sipat kultura:
Remainder of title tungo sa mapagpalayang pagbabasa, pag-aaral at pagtuturo ng panitikan/
Statement of responsibility, etc. Rolando B. Tolentino.
260 ## - PUBLICATION, DISTRIBUTION, ETC. (IMPRINT)
Place of publication, distribution, etc. Quezon City:
Name of publisher, distributor, etc. Ateneo de Manila University Press,
Date of publication, distribution, etc. c2007.
300 ## - PHYSICAL DESCRIPTION
Extent ix, 288 pages;
Dimensions 23 cm.
500 ## - GENERAL NOTE
General note Includes index.
650 #0 - SUBJECT ADDED ENTRY--TOPICAL TERM
9 (RLIN) 4952
Topical term or geographic name as entry element Philippine literature
General subdivision Social aspects.
650 #0 - SUBJECT ADDED ENTRY--TOPICAL TERM
9 (RLIN) 4953
Topical term or geographic name as entry element Philippine literature
General subdivision History and criticism.
650 #0 - SUBJECT ADDED ENTRY--TOPICAL TERM
9 (RLIN) 4954
Topical term or geographic name as entry element Philippine literature
General subdivision Study and teaching.
650 #0 - SUBJECT ADDED ENTRY--TOPICAL TERM
9 (RLIN) 4955
Topical term or geographic name as entry element Culture in literature.
650 #0 - SUBJECT ADDED ENTRY--TOPICAL TERM
9 (RLIN) 4956
Topical term or geographic name as entry element Philippines
General subdivision Social conditions--In literature.
942 ## - ADDED ENTRY ELEMENTS (KOHA)
Source of classification or shelving scheme Dewey Decimal Classification
Koha item type Filipiniana
Holdings
Withdrawn status Lost status Source of classification or shelving scheme Damaged status Not for loan Collection code Home library Current library Date acquired Source of acquisition Total Checkouts Full call number Barcode Date last seen Copy number Price effective from Koha item type
    Dewey Decimal Classification     Filipiniana UM Digos College - LIC UM Digos College - LIC 04/10/2008 Purchased   DFil 899.21109 T58s 2007 19396 06/08/2021 1 04/07/2016 Filipiniana
    Dewey Decimal Classification     Filipiniana UM Digos College - LIC UM Digos College - LIC 04/10/2008 Purchased   DFil 899.21109 T58s 2007 19397 06/08/2021 2 04/07/2016 Filipiniana